FNAF FAN GAME PERSONNAGES (PARTIE 1) - Statistiques

Statistiques générales
  • Ce quiz a été pris 141 fois
  • Le résultat moyen est 8 sur 85
Statistiques - réponses
Hint Réponse % Correct
JR'S Freddy Fazbear
46%
FNAC 1 Candy The Cat
44%
Cindy The Cat
25%
The Rat
25%
The Rat
25%
The Cat
21%
Ignited Bonnie
20%
Ignited Chica
20%
Ignited Freddy
20%
The Mangle
20%
Ignited Foxy
19%
Penguin
19%
Blank The Animatronic
18%
Endo B
15%
Endo C
15%
Endo F
15%
Endo R
15%
Ignited Golden Freddy
15%
FNAC 2 Withered Candy
15%
Spring Bonnie
14%
Chester The Chimpanzee
13%
Shadow Candy
13%
Withered Cindy
13%
Chica the Chicken
12%
TJOC Creation
12%
Old Candy
12%
Withered Penguin
12%
Bonnie The Bunny
11%
Foxy The Pirate
11%
Springtrap
11%
Withered Blank
11%
Withered Bonnie
11%
Withered Chester
11%
Withered Chica
11%
Withered Foxy
11%
Withered Freddy
11%
Final Night's 4 Fredbear
10%
Monster Vinnie
10%
Monster Cat
9%
FNAC 3 Monster Rat
9%
ONAF Flumpty Bumpty
8%
Bonus Flumpty Clones
8%
Golden Flumpty
8%
The Marionette
8%
Balloon Baby
6%
Ignited Springtrap
6%
Shadow Rat
6%
Burnt Foxy
5%
Final Night's 2 Burnt Freddy
5%
Baby
4%
Birthday Boy Blam
4%
Burnt Bonnie
4%
Burnt Chica
4%
Grunkfuss The Clown
4%
Reaper Balloon Boy
4%
Reaper Mangle
4%
Reaper Puppet
4%
The Ghost
4%
The Owl
4%
Withered Balloon Baby
4%
Withered Marionette
4%
Grimm Chica
3%
Grimm Fredbear
3%
Reaper Spring Bonnie
3%
Reaper Toy Chica
3%
Shadow Bonnie
3%
The Beaver
3%
The Beavowl
3%
Final Night's 1 The Brother
3%
The Redman
3%
Withered Fredbear
3%
Withered Spring Bonnie
3%
Withered Toy Bonnie
3%
Withered Toy Freddy
3%
Eyesaur
2%
Insane Bonnie
2%
Insane Freddy
2%
Proto Spring Bonnie
2%
Proto Spring Freddy
2%
Final Night's 3 Reaper Golden Freddy
2%
Easter-egg Scribble Netty
2%
Shadow Fredbear
2%
Shadow Spring Bonnie
2%
Glitch Balloon Boy
1%
Etwined Fredbear
0%
Aucun quiz correspondant
Distribution des résultats
% des personnes avec chaque résultat
Percentile par nombre de réponses
Votre historique - résultats
Vous n’avez pas pris ce quiz